000 01174cam a22003257a 4500
003 CHAP
005 20220817041855.0
008 971013s1975 r 00010 d
010 _a27293
011 _a28265
035 _a32368
040 _cCHAP
082 _a972
_bI58
110 _aInstituto Nacional de Antropología e Historia. México
_959286
245 1 4 _aLas leguas de México
260 _aMéxico, D.F. :
_bEl Instituto,
_c1975
300 _a2 v.
_b: ilus. ; mapas
490 0 _aMéxico. Panorama histórico y cultural
_v; 4-5
590 _aBATCH-UPD
_b10
_c20130110
_lUCH01
_h0850
590 _aBATCH-UPD
_b10
_c20130410
_lUCH01
_h0522
590 _aBATCH-UPD
_b10
_c20130914
_lUCH01
_h1632
590 _aCONVERSION
_b10
_c20130109
_lUCH01
_h1316
650 1 4 _aIndios de México
_xLenguas.
_957631
830 0 _aMéxico. Panorama histórico y cultural
_v; 4-5
901 _aBK
942 _cLIBRO
949 _a972 I58
_bBC
_cLIBRO
_d33724000281937
_eLIBRO
_fv.1
_h47319
_i32368
_si
_t60.00
949 _a972 I58
_bBC
_cLIBRO
_d33724000281945
_eLIBRO
_fv.1 c.2
_h47320
_i32368
_si
_t60.00
949 _a972 I58
_bBC
_cLIBRO
_d33724000281952
_eLIBRO
_fv.2 c.2
_h47322
_i32368
_si
_t60.00
999 _c27293
_d27293